000 00883cad a22002175a 4500
001 L152799
008 110503s2007 xxk f 000 0 eng d
035 _a(Sirsi) u152799
041 0 _aeng
050 0 4 _a346.41043 $2 18
110 2 _aLand Registry
_95885
245 0 0 _aWhat to do when a landowner dies
_h[electronic resource]
260 _aLondon
_bLand Registry
_c2007
490 0 _aLand Registry Public Guides
_v9
520 _aExplains what to do when a land owner dies and procedure for changing details with the Land Registry.
650 2 4 _aLAND REGISTRATION ACT 2002
651 4 _aEngland and Wales
_y1543-
690 _aPROPERTY-PROPERTY ACQUISITION AND DISPOSAL-REGISTRATION OF TITLE TO PROPERTY-LAND REGISTRATION
856 4 0 _uhttps://www.landreg.gov.uk/upload/documents/public_guide_009.pdf
_zView this item free of charge at www.landregistry.gov.uk
942 _n0
999 _c112215
_d112215